[Event "Beograd 71/32"]
[Site "?"]
[Date "1997.??.??"]
[Round "?"]
[White "Beliavsky, Alexander G"]
[Black "Gelfand, Boris"]
[Result "1/2-1/2"]
[WhiteElo "2710"]
[BlackElo "2695"]
[PlyCount "64"]
[EventDate "1997.??.??"]
[Source "ChessBase"]
[SourceDate "1997.10.01"]

1. d4 Nf6 2. c4 e6 3. Nf3 c5 4. g3 cxd4 5. Nxd4 Bb4+ 6. Bd2 Be7 7. Bg2 Nc6 8. Bc3 O-O 9. O-O d5 10. Nd2 Qb6 11. cxd5 Nxd5 12. Nf5 Nxc3 13. Nxe7+ Nxe7 14. bxc3 Rd8 15. Qc2 Qc7 16. Ne4 Bd7 17. Ng5 Ng6 18. Be4 Bc6 19. h4 Bxe4 20. Qxe4 Nf8 21. a4 h6 22. Nf3 Nd7 23. a5 Rac8 24. Rfd1 Nf6 25. Rxd8+ Rxd8 26. Qe5 Rc8 27. Qxc7 Rxc7 28. a6 bxa6 29. Rxa6 Nd5 30. c4 Nb6 31. Nd2 Nxc4 32. Nxc4 Rxc4 1/2-1/2

[Event "Corr"]
[Site "?"]
[Date "1999.11.03"]
[Round "?"]
[White "Elwert Hans-Marcus"]
[Black "Bang Erik BH"]
[Result "1/2-1/2"]
[WhiteElo "2681"]
[BlackElo "2661"]
[PlyCount "51"]
[EventDate "1999.??.??"]
[Source "www.chesslib.no"]
[SourceDate "2004.05.04"]

1. Nf3 Nf6 2. c4 e6 3. Nc3 c5 4. d4 cxd4 5. Nxd4 Bb4 6. Bg5 h6 7. Bxf6 Qxf6 8. Rc1 Nc6 9. e3 O-O 10. Be2 d5 11. cxd5 Nxd4 12. exd4 exd5 13. O-O Be6 14. Bf3 Rad8 15. Re1 Bd6 16. g3 Bb8 17. Bg2 Rd6 18. Na4 Rfd8 19. Rc3 b6 20. Rf3 Qe7 21. Nc3 Qd7 22. Rfe3 b5 23. b4 a6 24. a4 Rc8 25. axb5 axb5 26. Bf1 1/2-1/2

[Event "Wijk aan Zee 71/33"]
[Site "?"]
[Date "1998.??.??"]
[Round "?"]
[White "Piket, Jeroen"]
[Black "Topalov, Veselin"]
[Result "1-0"]
[WhiteElo "2575"]
[BlackElo "2740"]
[PlyCount "81"]
[EventDate "1998.??.??"]
[Source "ChessBase"]
[SourceDate "1997.10.01"]

1. d4 Nf6 2. Nf3 e6 3. c4 c5 4. g3 cxd4 5. Nxd4 Qb6 6. Bg2 Bc5 7. e3 Nc6 8. Nxc6 dxc6 9. O-O e5 10. Nc3 Qc7 11. Qc2 O-O 12. b3 Be6 13. Bb2 Rad8 14. h3 Nd7 15. Rad1 f5 16. Rfe1 a5 17. Kh2 h5 18. Kh1 Rde8 19. a3 Ba7 20. Rd2 Nf6 21. Qd1 h4 22. gxh4 e4 23. Ne2 Nh5 24. Rg1 Bb8 25. Ng3 Nf6 26. f4 Rd8 27. Bf1 Rxd2 28. Qxd2 Ba7 29. Be2 Qd7 30. Qxd7 Bxd7 31. Nh5 Ne8 32. c5 g6 33. b4 Kh7 34. Rd1 Be6 35. Rd8 gxh5 36. Bxh5 axb4 37. axb4 b6 38. Bd4 bxc5 39. bxc5 Kg8 40. Bxe8 Bc4 41. h5 1-0

[Event "Chelmsford, MA"]
[Site "?"]
[Date "2001.11.18"]
[Round "4"]
[White "Foygel Igor"]
[Black "Yudasin Leonid"]
[Result "1/2-1/2"]
[WhiteElo "2558"]
[BlackElo "2692"]
[PlyCount "34"]
[EventDate "2001.??.??"]
[Source "www.chesslib.no"]
[SourceDate "2004.05.04"]

1. d4 Nf6 2. c4 e6 3. g3 c5 4. Nf3 cxd4 5. Nxd4 a6 6. Bg2 Qc7 7. Nd2 Be7 8. O-O O-O 9. b3 d6 10. Bb2 Bd7 11. b4 Nc6 12. Qb3 Rac8 13. Rfc1 Nxd4 14. Bxd4 Bc6 15. e4 Ng4 16. h3 Bf6 17. Nf3 Bxe4 1/2-1/2

[Event "Copenhagen BSF"]
[Site "Copenhagen"]
[Date "1995.??.??"]
[Round "10"]
[White "Hansen, Lars Bo"]
[Black "Hansen, Curt"]
[Result "0-1"]
[WhiteElo "2580"]
[BlackElo "2630"]
[PlyCount "116"]
[EventDate "1995.03.??"]
[Source "ChessBase"]

1. d4 Nf6 2. Nf3 e6 3. c4 c5 4. g3 cxd4 5. Nxd4 Qc7 6. Bg2 Qxc4 7. O-O Nc6 8. Nc2 d5 9. Re1 Be7 10. Bf1 Qc5 11. a3 O-O 12. b4 Qd6 13. Bb2 e5 14. Nd2 Be6 15. Nb3 b6 16. Nc1 Rac8 17. e3 Bg4 18. Be2 Bxe2 19. Qxe2 Ne4 20. Rd1 Qe6 21. Nd3 Nd6 22. Rac1 Nc4 23. b5 N6a5 24. Ncb4 Rfd8 25. Rc2 f6 26. Ne1 Bf8 27. Bc1 Qf7 28. Rc3 Bxb4 29. axb4 Nb7 30. Rcd3 Rd6 31. Qa2 Nd8 32. Nc2 Qd7 33. e4 d4 34. Ne3 Qxb5 35. Nd5 Rd7 36. Qe2 Qc6 37. Qh5 Ne6 38. g4 Nc7 39. g5 Nxd5 40. exd5 Qxd5 41. gxf6 e4 42. Qxd5+ Rxd5 43. Rxd4 Rxd4 44. Rxd4 Ne5 45. Rd1 Nd3 46. Bg5 h6 47. Bh4 g5 48. Bg3 Kf7 49. b5 Kxf6 50. f3 Kf5 51. fxe4+ Kxe4 52. Ra1 Rc5 53. Kg2 Nf4+ 54. Bxf4 Kxf4 55. h4 Rxb5 56. Rxa7 Rb2+ 57. Kf1 g4 58. Rh7 Kf3 0-1

[Event "Deutschland"]
[Site "?"]
[Date "2004.??.??"]
[Round "?"]
[White "Rustemov, A."]
[Black "Ribli, Z."]
[Result "1-0"]
[WhiteElo "2600"]
[BlackElo "2600"]
[PlyCount "81"]
[EventDate "2004.??.??"]
[Source "Chess Informant"]
[SourceDate "2004.10.01"]

1. c4 c5 2. Nf3 Nf6 3. d4 cxd4 4. Nxd4 e6 5. g3 Qc7 6. Bg2 Qxc4 7. O-O Nc6 8. Nb3 Be7 9. Nc3 O-O 10. e4 d5 11. exd5 exd5 12. Nxd5 Nxd5 13. Bxd5 Qg4 14. Bf4 Rd8 15. Bc7 Qxd1 16. Rfxd1 Rd7 17. Bf4 Nb4 18. Bf3 Rxd1+ 19. Rxd1 Nxa2 20. Na5 Be6 21. Nxb7 Rc8 22. Be3 a6 23. Bd5 Bxd5 24. Rxd5 h6 25. Rd7 Kf8 26. Nd6 Rd8 27. Rxd8+ Bxd8 28. Bd4 g6 29. g4 Ke7 30. Nb7 Bc7 31. Be3 Be5 32. b3 Nc3 33. Kg2 g5 34. Nc5 a5 35. Bd2 Bd4 36. Na4 Nxa4 37. bxa4 Bb6 38. f4 f5 39. fxg5 hxg5 40. Bxg5+ Ke6 41. Kf3 1-0

[Event "Wijk aan Zee"]
[Site "?"]
[Date "1987.??.??"]
[Round "?"]
[White "Olafsson, H."]
[Black "Ljubojevic, Lj"]
[Result "1/2-1/2"]
[WhiteElo "2550"]
[BlackElo "2620"]
[PlyCount "40"]
[EventDate "1987.??.??"]
[Source "ChessBase"]
[SourceDate "1987.01.01"]

1. d4 Nf6 2. Nf3 e6 3. g3 c5 4. c4 cxd4 5. Nxd4 Qc7 6. Nc3 a6 7. Qd3 Nc6 8. Nxc6 Qxc6 9. e4 b6 10. Bg2 Bb7 11. Bd2 Bc5 12. O-O O-O 13. Rac1 Ng4 14. Nd1 a5 15. h3 Ne5 16. Qc3 Bb4 17. Qc2 Bxd2 18. Qxd2 Qc5 19. Ne3 d6 20. Kh2 Rad8 1/2-1/2

[Event "Cannes Generations"]
[Site "Cannes"]
[Date "1998.??.??"]
[Round "7"]
[White "Kortschnoj, Viktor"]
[Black "Shaked, Tal"]
[Result "1-0"]
[WhiteElo "2625"]
[BlackElo "2535"]
[PlyCount "69"]
[EventDate "1998.02.21"]
[Source "www.chesslib.no"]
[SourceDate "2004.05.04"]

1. d4 Nf6 2. c4 e6 3. Nf3 c5 4. g3 cxd4 5. Nxd4 Qc7 6. b3 Bb4+ 7. Bd2 Bc5 8. e3 b6 9. Nb5 Qb7 10. Rg1 a6 11. Bg2 Nc6 12. Nd4 d5 13. Bc3 Bd7 14. Nd2 Nxd4 15. exd4 Be7 16. g4 Bc6 17. g5 Nd7 18. Qg4 O-O 19. h4 Rfe8 20. h5 f5 21. gxf6 Bxf6 22. O-O-O Rac8 23. Kb1 b5 24. cxd5 exd5 25. Nf1 Nf8 26. Ne3 Kh8 27. Bb2 Ne6 28. Qf5 Qb6 29. h6 Nxd4 30. hxg7+ Bxg7 31. Rxd4 Bxd4 32. Qf6+ Bxf6 33. Bxf6+ Kg8 34. Bxd5+ Kf8 35. Rg8# 1-0

[Event "Soviet Union"]
[Site "Soviet Union"]
[Date "1972.??.??"]
[Round "?"]
[White "Taimanov, Mark E"]
[Black "Gipslis, Aivars P"]
[Result "1-0"]
[WhiteElo "2590"]
[BlackElo "2560"]
[PlyCount "63"]
[EventDate "1972.??.??"]
[Source "www.chesslib.no"]
[SourceDate "2004.05.04"]

1. c4 Nf6 2. Nf3 c5 3. d4 cxd4 4. Nxd4 e6 5. g3 Bb4+ 6. Bd2 Qb6 7. Bg2 Nc6 8. Nb3 d5 9. cxd5 Nxd5 10. O-O Bxd2 11. N1xd2 O-O 12. Nc4 Qa6 13. Qc1 Nb6 14. Nd6 Qxe2 15. Re1 Qh5 16. Qc5 Nd5 17. Rad1 Nce7 18. Nd4 Bd7 19. Nxb7 Rfb8 20. Bf3 Qg6 21. Nd6 Rxb2 22. Nc4 Rb7 23. Ne5 Qh6 24. Bxd5 Nxd5 25. Nf5 Qf6 26. Rxd5 exd5 27. Ne7+ Kh8 28. Qxd5 Be6 29. Qxb7 Re8 30. Nd5 Qd8 31. Nc7 Qd2 32. Qe4 1-0

[Event "Tilburg NED"]
[Site "Tilburg NED"]
[Date "1979.??.??"]
[Round "?"]
[White "Kavalek, Lubomir"]
[Black "Romanishin, Oleg M"]
[Result "1/2-1/2"]
[WhiteElo "2590"]
[BlackElo "2560"]
[PlyCount "64"]
[EventDate "1979.??.??"]
[Source "www.chesslib.no"]
[SourceDate "2004.05.04"]

1. d4 Nf6 2. c4 e6 3. g3 c5 4. Nf3 cxd4 5. Nxd4 Qa5+ 6. Nd2 Nc6 7. N4b3 Qh5 8. Bg2 d5 9. O-O Be7 10. e4 Qxd1 11. Rxd1 d4 12. e5 Nxe5 13. Nxd4 O-O 14. f4 Nd3 15. N2b3 Nc5 16. h3 Bd7 17. Be3 Rac8 18. Rac1 b6 19. Nxc5 Bxc5 20. Kf2 Rfe8 21. Nb5 Bxe3+ 22. Kxe3 Nd5+ 23. Kf2 Bxb5 24. cxb5 Kf8 25. Rc6 Rxc6 26. bxc6 Rc8 27. Bxd5 exd5 28. Rc1 Ke7 29. b4 a6 30. a4 b5 31. axb5 axb5 32. Rc5 Ke6 1/2-1/2

[Event "Clarin"]
[Site "Buenos Aires"]
[Date "1979.??.??"]
[Round "3"]
[White "Petrosian, Tigran V"]
[Black "Ivkov, Borislav"]
[Result "1/2-1/2"]
[WhiteElo "2610"]
[BlackElo "2525"]
[PlyCount "44"]
[EventDate "1979.11.??"]
[Source "ChessBase"]

1. d4 Nf6 2. c4 c5 3. Nf3 cxd4 4. Nxd4 e6 5. e3 Nc6 6. Be2 Bb4+ 7. Bd2 Bxd2+ 8. Qxd2 Ne4 9. Qc2 Qa5+ 10. Nd2 Nxd2 11. Qxd2 Qxd2+ 12. Kxd2 Ke7 13. Rhd1 Rd8 14. Kc3 Nxd4 15. Rxd4 b6 16. Bf3 Rb8 17. b3 Bb7 18. Bxb7 Rxb7 19. Rad1 Rc8 20. Kb4 Rc5 21. R1d2 Rbc7 22. h4 h5 1/2-1/2

[Event "Baden"]
[Site "Vienna"]
[Date "1980.??.??"]
[Round "1"]
[White "Beliavsky, Alexander G"]
[Black "Miles, Anthony J"]
[Result "1/2-1/2"]
[WhiteElo "2590"]
[BlackElo "2545"]
[PlyCount "60"]
[EventDate "1980.??.??"]
[Source "ChessBase"]

1. d4 Nf6 2. c4 e6 3. g3 c5 4. Nf3 cxd4 5. Nxd4 Qa5+ 6. Nd2 Nc6 7. N4b3 Qc7 8. Bg2 b6 9. O-O Bb7 10. Nf3 Be7 11. Bf4 d6 12. c5 e5 13. cxd6 Bxd6 14. Rc1 Rd8 15. Bg5 Be7 16. Qc2 Qb8 17. Nh4 Nd5 18. Bxe7 Ncxe7 19. e4 Rc8 20. Qd2 Nf6 21. Qb4 g6 22. Rxc8+ Bxc8 23. Rd1 Qc7 24. Rc1 Nc6 25. Qd2 Bb7 26. Qh6 Qd6 27. Bf3 Qf8 28. Qg5 Qe7 29. Qh6 Qf8 30. Qg5 Qe7 1/2-1/2

[Event "La Coruna op"]
[Site "La Coruna"]
[Date "1996.??.??"]
[Round "?"]
[White "Giorgadze, Giorgi"]
[Black "Strikovic, Aleksa"]
[Result "1/2-1/2"]
[WhiteElo "2580"]
[BlackElo "2550"]
[PlyCount "43"]
[EventDate "1996.07.??"]
[Source "www.chesslib.no"]
[SourceDate "2004.05.04"]

1. d4 Nf6 2. g3 e6 3. Nf3 c5 4. c4 cxd4 5. Nxd4 Nc6 6. Bg2 Qb6 7. Nb3 Bb4+ 8. Bd2 d5 9. cxd5 Nxd5 10. Nc3 Nxc3 11. bxc3 Be7 12. O-O O-O 13. c4 Rd8 14. Qc2 Qc7 15. Rac1 Bd7 16. Bc3 Be8 17. Be4 h6 18. Qb2 Bf8 19. Bb1 a5 20. Qc2 g6 21. Bf6 Be7 22. Bxe7 1/2-1/2

[Event "Olympiad"]
[Site "Thessaloniki GRE"]
[Date "1988.??.??"]
[Round "?"]
[White "Xu Jun"]
[Black "Portisch, Lajos"]
[Result "0-1"]
[WhiteElo "2505"]
[BlackElo "2610"]
[PlyCount "120"]
[EventDate "1988.??.??"]
[Source "www.chesslib.no"]
[SourceDate "2004.05.04"]

1. Nf3 e6 2. c4 c5 3. Nc3 Nf6 4. d4 cxd4 5. Nxd4 Bb4 6. Ndb5 a6 7. Nd6+ Ke7 8. Nxc8+ Qxc8 9. Qb3 Nc6 10. Bd2 d6 11. e3 Qc7 12. Be2 Rhd8 13. O-O Bc5 14. Rac1 Kf8 15. Rfd1 Kg8 16. Be1 Rac8 17. Qc2 Qe7 18. a3 Ba7 19. Ne4 Ne8 20. Bc3 g6 21. Ng3 Nf6 22. b4 Bb8 23. Qb2 e5 24. b5 axb5 25. cxb5 Na7 26. Ba5 Rxc1 27. Rxc1 Rc8 28. Rxc8+ Nxc8 29. Qc2 Qd7 30. Ne4 Nxe4 31. Qxe4 d5 32. Qg4 f5 33. Qh4 Bc7 34. Bc3 Qe6 35. a4 b6 36. Qb4 Nd6 37. a5 bxa5 38. Qc5 Bd8 39. Qc6 Kf7 40. b6 Nc4 41. Qb7+ Ke8 42. Qxh7 Bxb6 43. h4 Kd8 44. h5 gxh5 45. Bxh5 d4 46. Bf7 Qc6 47. Be1 Nd6 48. Be6 Qe8 49. Qh6 dxe3 50. Qf6+ Qe7 51. Qh8+ Kc7 52. Qxe5 Qh4 53. Qc3+ Kb8 54. fxe3 Qe4 55. Qb3 Ka7 56. Bf2 f4 57. Bd5 Qe7 58. e4 Bxf2+ 59. Kxf2 Nxe4+ 60. Kg1 Nd2 0-1

[Event "XXVIII Open internazionale"]
[Site "Benasque SPA"]
[Date "2008.07.07"]
[Round "5"]
[White "GRABARCZYK, Miroslaw"]
[Black "RODSHTEIN, Maxim"]
[Result "1/2-1/2"]
[WhiteElo "2510"]
[BlackElo "2605"]
[PlyCount "36"]
[EventDate "2008.07.03"]
[Source "www.chesslib.no"]
[SourceDate "2004.05.04"]

1. d4 Nf6 2. c4 e6 3. Nf3 c5 4. Nc3 cxd4 5. Nxd4 a6 6. e3 Be7 7. Be2 O-O 8. O-O Qc7 9. Qd3 d6 10. b3 Nbd7 11. Bb2 b6 12. Qd2 Bb7 13. Bf3 Rfd8 14. Rac1 Rac8 15. Rfd1 h6 16. Be2 Ra8 17. Rf1 Ne5 18. Ra1 Bc8 1/2-1/2

[Event "JUG-chT"]
[Site "Novi Sad"]
[Date "2000.08.26"]
[Round "2"]
[White "Abramovic, Bosko"]
[Black "Sakaev, Konstantin"]
[Result "0-1"]
[WhiteElo "2485"]
[BlackElo "2627"]
[PlyCount "70"]
[EventDate "2000.08.24"]
[Source "www.chesslib.no"]
[SourceDate "2004.05.04"]

1. d4 Nf6 2. Nf3 e6 3. c4 c5 4. Nc3 cxd4 5. Nxd4 Bb4 6. Bd2 Nc6 7. e3 O-O 8. Be2 d5 9. cxd5 exd5 10. O-O Re8 11. Nxc6 bxc6 12. Rc1 Bd6 13. Re1 Rb8 14. b3 Bf5 15. Ra1 Bg6 16. g3 h5 17. Bf3 h4 18. Bc1 hxg3 19. hxg3 Nd7 20. Bb2 Nc5 21. Ba3 Nd3 22. Bxd6 Qxd6 23. Rf1 Qf6 24. Na4 Qg5 25. Bg2 c5 26. a3 c4 27. b4 Rbd8 28. Nc3 Bh5 29. Qc2 Re6 30. e4 d4 31. Nd5 Rc8 32. Ra2 f5 33. exf5 Ree8 34. Qd2 Qxf5 35. Rc2 Bf7 0-1